Score 0/24 Timer 04:00
0 Plays Today
Given Name Surname % Correct
Name #1Kidd
95.7%
Name #3Bush
86.8%
Name #4Star
85.9%
Name #3GEORGE
82.1%
Name #1Alexander
81.6%
Name #1Segel
77.3%
Name #1JASON
75.3%
Name #2Spade
72.8%
Name #2DAVID
67.5%
Name #4Henry
67.5%
Name #1Mraz
62.1%
Name #4PATRICK
58.9%
Given Name Surname % Correct
Name #2Copperfield
47.9%
Name #4Swayze
44.7%
Name #4Sajak
41.8%
Name #4Dempsey
37.1%
Name #3Lopez
35.7%
Name #3Costanza
30.4%
Name #1Bourne
26.7%
Name #2Letterman
25.2%
Name #2Ben-Gurion
22%
Name #3Carlin
13.7%
Name #3Gershwin
9%
Name #2Archuleta
4%
Remove Ads.
Support Sporcle.
Get the best of Sporcle when you Go Orange. This ad-free experience offers more features, more stats, and more fun while also helping to support Sporcle. Thank you for becoming a member.

You're not logged in!

Compare scores with friends on all Sporcle quizzes.
OR
Log In

Show Comments

Extras

Top Quizzes Today


Score Distribution

Your Account Isn't Verified!

In order to create a playlist on Sporcle, you need to verify the email address you used during registration. Go to your Sporcle Settings to finish the process.

Report this User

Report this user for behavior that violates our Community Guidelines.

Details: